00781nam a22002057a 4500003000500000005001700005008004100022010000800063011000900071035000800080040000900088100002900097245018700126260004000313300001000353502010900363650003000472650002800502650004500530CHAP20220329132921.0971013s1989 r 00010 d a229 a1201 a377 cCHAP00aAcosta Gutierrez, Justo. aComparación de pruebas estadísticas para tasas instantáneas de desarrollo poblacional de Acantho scelides obtectus Say. en diferentes variedades de frijol Phaseolus vulgaris L. aChapingo, Méx. :bEl autor,c1989 a44 h. aTesis (Ing. Agr. Esp. en Parasitología Agrícola) -- UACH. Departamento de Parasitología Agrícola14aAcanthoscelides obtectus.14aEcología de insectos.14aFrijolxVariedades resistentes a plagas.